| 000 | 00348nam a2200133Ia 4500 | ||
|---|---|---|---|
| 005 | 20251222141934.0 | ||
| 008 | 251222s9999||||xx |||||||||||||| ||spa|| | ||
| 020 | _a9972-2520-0-0 | ||
| 082 | _a343.052.85/P53 | ||
| 100 | _aPicón Gonzales, Jorge Luis | ||
| 245 | 0 | _aDeducciones del Impuesto a la Renta Empresarial: | |
| 264 | _bDogma | ||
| 942 | _cLIB | ||
| 999 |
_c9145 _d9145 |
||